| 000 -LEADER |
| fixed length control field |
00602cam a2200157 a 4500 |
| 020 ## - INTERNATIONAL STANDARD BOOK NUMBER |
| ISBN |
1863733027 |
| 040 ## - CATALOGING SOURCE |
| Transcribing agency |
DLC |
| 082 00 - DEWEY DECIMAL CLASSIFICATION NUMBER |
| Classification number |
959 ALL 1996 A113 Or. |
| 100 1# - MAIN ENTRY--AUTHOR NAME |
| Personal name |
Dennis, Peter |
| 245 10 - TITLE STATEMENT |
| Title |
Emergency and confrontation : |
| Remainder of title |
Australian military operations in Malaya and Borneo 1950-1966 / |
| 260 ## - PUBLICATION, DISTRIBUTION, ETC. (IMPRINT) |
| Place of publication |
St. Leonards, NSW, Australia : |
| Name of publisher |
Allen & Unwin in association with the Australian War Memorial, |
| Year of publication |
1996 |
| 300 ## - PHYSICAL DESCRIPTION |
| Number of Pages |
xvi, 381 p. : |
| Other physical details |
ill., maps ; |
| Dimensions |
25 cm |
| 490 1# - SERIES STATEMENT |
| Series statement |
The Official history of Australia's involvement in Southeast Asian conflicts, 1948-1975 |
| 700 1# - ADDED ENTRY--PERSONAL NAME |
| Personal name |
Grey, Jeffrey |
| 942 ## - ADDED ENTRY ELEMENTS (KOHA) |
| Koha item type |
សៀវភៅភាសាអង់គ្លេស |
| 952 ## - LOCATION AND ITEM INFORMATION (KOHA) |
| Withdrawn status [LOCAL, KOHA] |
0 |